000 00608nam a2200229Ia 4500
003 OSt
005 20220925215207.0
006 a|||||r|||| 00| 0
007 ta
008 220923b |||||||| |||| 00| 0 eng d
037 _cGeneral Book
040 _aRTL
_cRTL
_beng
041 _2eng
_aeng
082 _aY, L5
100 _aO'Neill John
245 0 _aMaking sense together
_b An introduction to wild soc
260 _aLondon
_bHeinemann
_c1975
300 _aix, 83p
_ccm.
650 _aEssays Sociology
942 _hY, L5
_cGB
_2CC
999 _c568186
_d568186